000 00607nam a2200253Ia 4500
005 20260121160700.0
008 008 260114s9999 xx 000 0 eng d
020 _a9781315609225
037 _aEBOOK
040 _aCRL
040 _beng
040 _cCRL
041 _2eng
041 _aeng
084 _qCRL
100 _a Philip Major
_91034980
245 0 _aSir John Denham (1614/15-1669) Reassessed
260 _bTaylor and Francis
260 _c2016
856 _uhttp://www.taylorfrancis.com/books/9781315609225
942 _cEBOOK
999 _c1601796
_d1601796